Economía de enclave y satelización del mercado de trabajo rural. El caso de los trabajadores con empleo precario en un ingenio azucarero del noroeste argentino (Registro nro. 16234)
[ vista simple ]
| 000 -LEADER | |
|---|---|
| fixed length control field | 00485 a2200121 4500 |
| 001 - CONTROL NUMBER | |
| control field | ART_3202 |
| 005 - DATE AND TIME OF LATEST TRANSACTION | |
| control field | 20260410161713.0 |
| 008 - FIXED-LENGTH DATA ELEMENTS--GENERAL INFORMATION | |
| fixed length control field | 260409a |
| 100 1# - MAIN ENTRY--PERSONAL NAME | |
| Personal name | Bisio, Raúl H. |
| 245 10 - TITLE STATEMENT | |
| Title | Economía de enclave y satelización del mercado de trabajo rural. El caso de los trabajadores con empleo precario en un ingenio azucarero del noroeste argentino |
| 700 1# - ADDED ENTRY--PERSONAL NAME | |
| Personal name | Forni, Floreal H. |
| 773 0# - HOST ITEM ENTRY | |
| Title | Desarrollo económico |
| Related parts | - Vol. 16, Nº 61 (abr./jun. 1976) |
| Record control number | REV1174 |
No hay ítems disponibles.